| 000 -CABECERA |
| Longitud fija campo de control |
00835nam a22002177a 4500 |
| 003 - IDENTIFICADOR DEL NÚMERO DE CONTROL |
| Identificador del número de control |
OSt |
| 005 - FECHA Y HORA DE LA ÚLTIMA TRANSACCIÓN |
| Fecha y hora de la última transacción |
20151026133603.0 |
| 008 - CÓDIGOS DE INFORMACIÓN DE LONGITUD FIJA |
| Códigos de información de longitud fija |
130715s2013 sp ||||| |||| 00| 0 spa d |
| 040 ## - FUENTE DE LA CATALOGACIÓN |
| Centro transcriptor |
CDMR |
| 100 1# - PUNTO DE ACCESO PRINCIPAL-NOMBRE DE PERSONA |
| 9 (RLIN) |
3938 |
| Nombre de persona |
Bellón Rodríguez, Ana |
| 245 10 - MENCIÓN DE TÍTULO |
| Título |
20 Minutos |
| Resto del título |
: tres productos y un modelo de redacción |
| Mención de responsabilidad, etc. |
Ana Bellón Rodríguez |
| Medio |
[recurs electrònic] |
| 260 ## - PUBLICACIÓN, DISTRIBUCIÓN, ETC. (PIE DE IMPRENTA) |
| Fecha de publicación, distribución, etc. |
2013 |
| Lugar de publicación, distribución, etc. |
Santiago de Compostela |
| 502 ## - NOTA DE TESIS |
| Nota de tesis |
Tesi doctoral defensada el dia 12 de març de 2013 |
| Nombre de la institución que otorga el tí,tulo |
Universidade de Santiago de Compostela |
| 610 2# - PUNTO DE ACCESO ADICIONAL DE MATERIA - NOMBRE DE ENTIDAD CORPORATIVA |
| 9 (RLIN) |
3939 |
| Nombre de entidad corporativa o nombre de jurisdicción como elemento inicial |
20 minutos (Diari) |
| 650 04 - PUNTO DE ACCESO ADICIONAL DE MATERIA - TÉRMINO DE MATERIA |
| 9 (RLIN) |
3940 |
| Término de materia o nombre geográfico como elemento inicial |
Premsa gratuïta |
| 650 04 - PUNTO DE ACCESO ADICIONAL DE MATERIA - TÉRMINO DE MATERIA |
| 9 (RLIN) |
311 |
| Término de materia o nombre geográfico como elemento inicial |
Empreses periodístiques |
| 650 04 - PUNTO DE ACCESO ADICIONAL DE MATERIA - TÉRMINO DE MATERIA |
| 9 (RLIN) |
2994 |
| Término de materia o nombre geográfico como elemento inicial |
Tesis i dissertacions acadèmiques |
| 710 2# - PUNTO DE ACCESO ADICIONAL - NOMBRE DE ENTIDAD |
| 9 (RLIN) |
3681 |
| Nombre de entidad o nombre de jurisdicción como elemento inicial |
Universidade de Santiago de Compostela |
| 856 40 - LOCALIZACIÓN Y ACCESO ELECTRÓNICO |
| Identificador Uniforme del Recurso (URI) |
<a href="http://hdl.handle.net/10347/7505">http://hdl.handle.net/10347/7505</a> |
| Texto del enlace |
Disponible en línia (USC) |
| 942 ## - ENTRADA DE ELEMENTOS AGREGADOS (KOHA) |
| Fuente de clasificaión o esquema |
|
| Koha [por defecto] tipo de item |
Tesines en línia |